• 首页
  • 本馆介绍
  • 公告通知
  • 最新文献
  • 馆藏检索
  • 电子资源
  • 读者导购
  • 参考咨询
  • 我的图书馆
  • 登录
  • 详细信息显示
  • 放入我的书架
  • 预约/预借图书
  • 作者相关作品
  • 分类相关作品
  • 丛书相关作品
  • 出版社相关作品

书目信息

  • 表格格式
  • 工作单格式
  • 卡片格式
题名:
梁启超中国近三百年学术史
    
 
作者: 梁启超 著
分册:  
出版信息: 长春   吉林人民出版社  2013.3
页数: 358页
开本: 24cm
丛书名:
单 册:
中图分类: B249.05
科图分类:
主题词: 学术思想--思想史--中国--清代
电子资源:
ISBN: 978-7-206-08296-2
000 00893nam0 2200253 450
001 351867
005 20161017100243.78
010    @a978-7-206-08296-2@dCNY38.00
100    @a20130705d2013 em y0chiy50 ea
101 0  @achi
102    @aCN@b220000
105    @ay z 000yy
106    @ar
200 1  @a梁启超中国近三百年学术史@f梁启超著
210    @a长春@c吉林人民出版社@d2013.3
215    @a358页@d24cm
300    @a中国学术文化名著文库/胡维革主编
314    @a版权页题:梁启超著
330    @a本书研究了十七、十八、十九三个世纪的中国学术史,阐释了近三百年来学术发展的不同阶段及各家学术思想相互转化的原因,从哲学和思想层面分析了清代著名的学派、代表人物和典型作品,以及自身语言、思想特色,并提出了新见解。
606 0  @a学术思想@x思想史@y中国@z清代
690    @aB249.05@v5
701  0 @a梁启超@f(1873~1929)@4著
801  0 @aCN@bTANGWEI@c20161010
905    @b0896915-9@dB249.05@e56@f5
    
    梁启超中国近三百年学术史/梁启超著.-长春:吉林人民出版社,2013.3
    358页;24cm
    中国学术文化名著文库/胡维革主编
    
    ISBN 978-7-206-08296-2:CNY38.00
    本书研究了十七、十八、十九三个世纪的中国学术史,阐释了近三百年来学术发展的不同阶段及各家学术思想相互转化的原因,从哲学和思想层面分析了清代著名的学派、代表人物和典型作品,以及自身语言、思想特色,并提出了新见解。
●
相关链接 在E读中查询图书 在五车中查询图书 在当当中查询图书 在豆瓣中查询图书


正题名:梁启超中国近三百年学术史     索取号:B249.05/56         预约/预借

序号 登录号 条形码 馆藏地/架位号 状态 备注
1 0896915   208969151   第一样本阅览室/ [索取号:B249.05/56] 在馆    
2 0896916   208969160   第一借阅区/ [索取号:B249.05/56] 在馆    
3 0896917   208969179   第一借阅区/ [索取号:B249.05/56] 在馆    
4 0896918   208969188   第一借阅区/ [索取号:B249.05/56] 在馆    
5 0896919   208969197   第一借阅区/ [索取号:B249.05/56] 在馆    
唐山师范学院图书馆 欢迎您!
大连网信软件有限公司© 版权所有